Volumetric measurements on the musculature of the shoulder- and pelvic girdle

Elmentve itt :
Bibliográfiai részletek
Szerzők: Nagy István
Kozma Márta
Dokumentumtípus: Cikk
Megjelent: 1951
Sorozat:Kolligátum
Kulcsszavak:Váll - izomzat - anatómia, Medenceöv - izomzat - anatómia
Online Access:http://misc.bibl.u-szeged.hu/28070
LEADER 00639nab a2200181 i 4500
001 misc28070
005 20191108150147.0
008 171017s1951 hu o 0|| zxx d
040 |a SZTE Miscellanea Repozitórium  |b hun 
041 |a zxx 
100 1 |a Nagy István 
245 1 0 |a Volumetric measurements on the musculature of the shoulder- and pelvic girdle  |h [elektronikus dokumentum] /  |c  Nagy István 
260 |c 1951 
300 |a 1 
490 0 |a Kolligátum 
695 |a Váll - izomzat - anatómia, Medenceöv - izomzat - anatómia 
700 0 1 |a Kozma Márta  |e aut 
856 4 0 |u http://misc.bibl.u-szeged.hu/28070/1/018_021_118.pdf  |z Dokumentum-elérés